Southville International School and Colleges
Your cart is empty.
  • Cart
  • Lists
    Public lists Eva Luna New books Lux_list list_1
    Your lists Log in to create your own lists
  • Log in to your account
  • Your cookies
  • Search history
Southville International School and Colleges
  • Advanced search
  • Recent comments
  • Most popular
  • Libraries

Log in to your account

Log in with GOOGLE


If you do not have an external account, but do have a local account, you can still log in:

  1. Home
  2. MARC view: Organizational behavior: human behavior at work /
Normal view MARC view ISBD view

Organizational behavior: human behavior at work / (Record no. 39212)

[ view plain ]
MARC details
000 -LEADER
fixed length control field 00590nam a2200193 a 4500
003 - CONTROL NUMBER IDENTIFIER
control field OSt
005 - DATE AND TIME OF LATEST TRANSACTION
control field 20140311163001.0
008 - FIXED-LENGTH DATA ELEMENTS--GENERAL INFORMATION
fixed length control field 020819s19uu xx 00 eng d
020 ## - INTERNATIONAL STANDARD BOOK NUMBER
International Standard Book Number 9780071203944
050 ## - LIBRARY OF CONGRESS CALL NUMBER
Classification number HD 58.7
Item number .D36 2002
100 ## - MAIN ENTRY--PERSONAL NAME
Personal name Newstrom, John W.
9 (RLIN) 30635
245 ## - TITLE STATEMENT
Title Organizational behavior: human behavior at work /
Statement of responsibility, etc John W. Newstrom.
260 ## - PUBLICATION, DISTRIBUTION, ETC. (IMPRINT)
Place of publication, distribution, etc Philippines :
Name of publisher, distributor, etc McGraw-Hilll Companies Inc.,
Date of publication, distribution, etc 2002.
300 ## - PHYSICAL DESCRIPTION
Extent 534 p. :
Other physical details ill. ;
Dimensions 25 cm.
650 ## - SUBJECT ADDED ENTRY--TOPICAL TERM
Topical term or geographic name as entry element Organizational behavior
9 (RLIN) 16607
650 ## - SUBJECT ADDED ENTRY--TOPICAL TERM
Topical term or geographic name as entry element Industrial sociology
9 (RLIN) 21283
942 ## - ADDED ENTRY ELEMENTS (KOHA)
Koha item type Books
Source of classification or shelving scheme Library of Congress Classification
Holdings
Withdrawn status Lost status Source of classification or shelving scheme Damaged status Home library Current library Shelving location Date acquired Total Checkouts Total Renewals Full call number Barcode Date last seen Date checked out Copy number Price effective from Koha item type
    Library of Congress Classification   College Library College Library General Circulation Section 09/15/2009 1 26 HD 58.7 .D36 2002 C0246 05/15/2018 06/20/2016 1 10/10/2013 Books

Organizational behavior: human behavior at work /

APA

Newstrom J. W., . (2002). Organizational behavior: human behavior at work. Philippines: McGraw-Hilll Companies Inc.

Chicago

Newstrom John W, . 2002. Organizational behavior: human behavior at work. Philippines: McGraw-Hilll Companies Inc.

Harvard

Newstrom J. W., . (2002). Organizational behavior: human behavior at work. Philippines: McGraw-Hilll Companies Inc.

MLA

Newstrom John W, . Organizational behavior: human behavior at work. Philippines: McGraw-Hilll Companies Inc. 2002.

  • Place hold
  • Print
  • Cite
  • Add to your cart (remove)
  • Save record
    BIBTEX Dublin Core MARCXML MARC (non-Unicode/MARC-8) MARC (Unicode/UTF-8) MARC (Unicode/UTF-8, Standard) MODS (XML) RIS
  • More searches
    Search for this title in:
    Other Libraries (WorldCat) Other Databases (Google Scholar) Online Stores (Bookfinder.com) Open Library (openlibrary.org)

Exporting to Dublin Core...

SOUTHVILLE LIBRARY

Southville International School and Colleges Library

1281 Tropical Ave. Cor. Luxembourg St., BF Homes International, Las Pinas City

Tel. No. 8256374 / 252358 Loc. 117/146

Powered by Koha